Tourismus-Management : tourismus-marketing und fremdenverkehrsplanung
Αποθηκεύτηκε σε:
| Άλλοι συγγραφείς: | , , , |
|---|---|
| Μορφή: | Βιβλίο |
| Γλώσσα: | German |
| Δημοσίευση: |
Berlin :
Walter de Gruyter, c1998,
|
| Έκδοση: | 3e aufl. |
| Θέματα: | |
| Ετικέτες: |
Προσθήκη ετικέτας
Δεν υπάρχουν, Καταχωρήστε ετικέτα πρώτοι!
|
MARC
| LEADER | 00000nam a2200000 i 4500 | ||
|---|---|---|---|
| 001 | 1/73889 | ||
| 008 | 990323s1998 ger d | ||
| 020 | |a 3110151855 | ||
| 035 | |l 10048922 | ||
| 040 | |a GR-MY-UA |b gre |e aacr | ||
| 041 | 0 | |a ger | |
| 082 | 0 | |a 338.4791068 | |
| 245 | 1 | 0 | |a Tourismus-Management : |b tourismus-marketing und fremdenverkehrsplanung / |c Gunther Haedrich, Claude Kaspar, Kristiane Klemm, Edgar Kreilkamp |
| 250 | |a 3e aufl. | ||
| 260 | |a Berlin : |b Walter de Gruyter, |b c1998, | ||
| 300 | |a 953 s. | ||
| 500 | |a Stichwortverzeichnis | ||
| 650 | 0 | 0 | |a Tourism |x Management. |
| 700 | 0 | |a Haedrich, Gunther. |4 edt | |
| 700 | 0 | |a Kaspar, Claude. |4 edt | |
| 700 | 0 | |a Klemm, Kristiane. |4 edt | |
| 700 | 0 | |a Kreilkamp, Edgar. |4 edt | |
| 852 | |a INST |b CHIOS |e 19990323 |h 338.4791068 TOU |p 005200014529 |q 005200014529 |t BK |y 0 | ||
| 901 | |a BIBL-1999-1 | ||
| 909 | |a Χ |b 055670 | ||
| 922 | |a 2ΔΩΡ |b 199903 |c ΜΕΤΑΠΤΥΧΙΑΚΟ ΤΟΥΡΙΣΜΟΥ |d GLORYBOOK-ECONOMIST | ||